| 000 | 00617nam a2200193 a 4500 | ||
|---|---|---|---|
| 001 | 000043052 | ||
| 005 | 20201002040612.0 | ||
| 008 | 140218s1998 xxuc 001 0 spa d | ||
| 020 | _a0004721357 | ||
| 040 |
_aDO-SdBNP _bspa _cBNPHU |
||
| 082 |
_annn _bF571J |
||
| 100 | 1 |
_aFlack, Jeremy _970576 |
|
| 245 | 1 | 0 |
_aJane's pocket guide advanced tactical fighters / _cJeremy Flack. |
| 260 |
_aNew York : _bHarperCollins Publishers, _c1998. |
||
| 300 |
_a143 p. : _bil. ; _c14 cm. |
||
| 500 | _aIncluye índice. | ||
| 500 | _aJane's advanced tactical fighters Advanced tactical fighters | ||
| 590 | _aInventariado, 2019 /LP | ||
| 999 |
_c42541 _d42541 |
||